| 000 | 00520nam a2200157 4500 | ||
|---|---|---|---|
| 003 | NUST | ||
| 005 | 20251022124824.0 | ||
| 082 | _a621.382,MUM | ||
| 100 |
_aMumtaz, CJUO Aanish (TE-43 B) _9131444 |
||
| 245 |
_aPerformance Analysis of Routing Protocols of Mobile Ad Hoc Networks (MANETs) / _cCJUO Aanish Mumtaz, CSM Salman Khan, GC Nabeel Masood and CQMS Qaiser Lohani |
||
| 260 |
_aRawalpindi _bMCS (NUST) _c2010 |
||
| 300 | _ax,46 p.; | ||
| 650 |
_aUG Project _9131132 |
||
| 651 |
_aTE-43 B _9131445 |
||
| 942 |
_2ddc _cPR |
||
| 999 |
_c615218 _d615218 |
||